[Event "Rated Blitz game"]
[Site "?"]
[Date "2021.10.22"]
[Round "?"]
[White "very_stronk"]
[Black "Annali-annaliew1979"]
[Result "1-0"]
[WhiteElo "2571"]
[BlackElo "2440"]
[PlyCount "61"]
[EventDate "2021.??.??"]
[EventType "blitz"]

1. e4 e5 2. Nf3 d5 3. exd5 e4 4. Qe2 f5 5. d3 Nf6 6. dxe4 fxe4 7. Nc3 Be7 8.
Ne5 O-O 9. Bd2 Bd6 10. Nc4 a6 11. O-O-O Re8 12. Nxd6 cxd6 13. Qc4 b5 14. Qd4
Nbd7 15. Bg5 Qc7 16. g3 h6 17. Bf4 Ne5 18. Bg2 Bg4 19. Rde1 Nf3 20. Bxf3 Bxf3
21. Rhf1 Rac8 22. a3 a5 23. Bxh6 Ng4 24. Bf4 b4 25. axb4 axb4 26. Qxb4 Nxh2 27.
Qxd6 Qa5 28. Rh1 Bxh1 29. Rxh1 Nf3 30. Qg6 Rxc3 31. Qxe8# {Normal} 1-0

[Event "Rated Blitz game"]
[Site "?"]
[Date "2021.10.22"]
[Round "?"]
[White "Ted-Shpati_007"]
[Black "Annali-annaliew1979"]
[Result "0-1"]
[WhiteElo "2509"]
[BlackElo "2445"]
[PlyCount "88"]
[EventDate "2021.??.??"]
[EventType "blitz"]

1. e4 e5 2. Nf3 d5 3. exd5 e4 4. Ne5 Bd6 5. d4 Nf6 6. c4 b6 7. Nc3 h6 8. Be2
O-O 9. Qc2 Re8 10. Bf4 Bf5 11. O-O Bh7 12. Qd2 Qe7 13. a3 Nbd7 14. Nxd7 Qxd7
15. Bxd6 cxd6 16. Qe3 Ng4 17. Bxg4 Qxg4 18. h3 Qh4 19. Nb5 Qe7 20. Qf4 Rad8 21.
Rfe1 g5 22. Qg3 f5 23. b4 f4 24. Qc3 a6 25. a4 axb5 26. axb5 Ra8 27. Ra6 Rxa6
28. bxa6 e3 29. fxe3 fxe3 30. b5 e2 31. Qf3 Qe3+ 32. Qxe3 Rxe3 33. Kf2 Ra3 34.
Rxe2 Bd3 35. Re8+ Kf7 36. Rc8 Kf6 37. Rc6 Kf5 38. Rxd6 Bxc4 39. Rxb6 Bxd5 40.
Rxh6 Kf4 41. Rf6+ Ke4 42. Rg6 Ra2+ 43. Kg3 Kf5 44. Rd6 Rxg2# {Normal} 0-1

[Event "Rated Blitz game"]
[Site "?"]
[Date "2021.10.22"]
[Round "?"]
[White "Ted-Shpati_007"]
[Black "Annali-annaliew1979"]
[Result "1-0"]
[WhiteElo "2495"]
[BlackElo "2458"]
[PlyCount "51"]
[EventDate "2021.??.??"]
[EventType "blitz"]

1. e4 e5 2. Nf3 d5 3. exd5 e4 4. Ne5 Bd6 5. d4 Nf6 6. c4 b6 7. Nc3 h6 8. Be2
O-O 9. Bf4 Bf5 10. h3 Re8 11. O-O Qe7 12. a3 Nbd7 13. Nxd7 Qxd7 14. Qd2 a5 15.
Bxd6 cxd6 16. Qf4 Bg6 17. Nb5 Rad8 18. b4 e3 19. fxe3 Re4 20. Qf2 Rde8 21. Bd3
Rxe3 22. Bxg6 fxg6 23. Rae1 Rxa3 24. bxa5 bxa5 25. Rxe8+ Qxe8 26. Nxa3 {Normal}
1-0

[Event "Rated Blitz game"]
[Site "?"]
[Date "2021.10.22"]
[Round "?"]
[White "oblakoX"]
[Black "elrond"]
[Result "1-0"]
[WhiteElo "2428"]
[BlackElo "2480"]
[PlyCount "63"]
[EventDate "2021.??.??"]
[EventType "blitz"]

1. e4 e5 2. Nf3 d5 3. d4 dxe4 4. Nxe5 Be6 5. Bb5+ c6 6. Bc4 Bxc4 7. Nxc4 Nf6 8.
O-O Be7 9. Nc3 O-O 10. Re1 b5 11. Ne3 Re8 12. Nf5 Bf8 13. Bg5 Nbd7 14. Nxe4 h6
15. Nxf6+ Nxf6 16. Rxe8 Qxe8 17. Nxh6+ gxh6 18. Bxf6 Qe6 19. Qf3 Re8 20. h3 Kh7
21. Qd3+ Kg8 22. Be5 c5 23. c3 b4 24. cxb4 cxb4 25. b3 Rc8 26. Re1 Rc3 27. Qe2
Bg7 28. f4 f6 29. Bb8 Qb6 30. Qe8+ Kh7 31. Rd1 Rc2 32. Qe4+ {Normal} 1-0

[Event "Rated Blitz game"]
[Site "?"]
[Date "2021.10.22"]
[Round "?"]
[White "Car67-KBPL"]
[Black "sillierchess"]
[Result "0-1"]
[WhiteElo "2350"]
[BlackElo "2478"]
[PlyCount "41"]
[EventDate "2021.??.??"]
[EventType "blitz"]

1. e4 e5 2. Nf3 d5 3. Nxe5 Bd6 4. d4 dxe4 5. Bc4 Bxe5 6. dxe5 Qxd1+ 7. Kxd1 Nc6
8. Bf4 Nge7 9. Re1 Ng6 10. Bg3 h5 11. Rxe4 h4 12. Bf4 Bf5 13. Bxf7+ Kxf7 14.
Rc4 Be6 15. Ra4 b5 16. Ra6 Nb4 17. Rxe6 Kxe6 18. g3 hxg3 19. hxg3 Rh1+ 20. Kd2
Nxf4 21. gxf4 {Normal} 0-1

[Event "Rated Rapid game"]
[Site "?"]
[Date "2021.10.22"]
[Round "?"]
[White "reza_m_m"]
[Black "Newton_54"]
[Result "1-0"]
[WhiteElo "2487"]
[BlackElo "2344"]
[PlyCount "47"]
[EventDate "2021.??.??"]
[EventType "rapid"]

1. e4 e5 2. Nf3 d5 3. Nxe5 Bd6 4. d4 dxe4 5. Bc4 Bxe5 6. Qh5 Qe7 7. dxe5 Nc6 8.
Bb5 Be6 9. Nc3 O-O-O 10. Bxc6 bxc6 11. O-O f5 12. exf6 Nxf6 13. Qa5 Bc4 14. Re1
Qd6 15. b3 Ng4 16. g3 Qf6 17. Bf4 Ne5 18. Nxe4 Nf3+ 19. Kh1 Qf7 20. bxc4 g5 21.
Nc5 Qg6 22. Qa6+ Kb8 23. Rab1+ Ka8 24. Qb7# {Normal} 1-0

[Event "Rated Blitz game"]
[Site "?"]
[Date "2021.10.22"]
[Round "?"]
[White "evolinct"]
[Black "elrond"]
[Result "1-0"]
[WhiteElo "2424"]
[BlackElo "2485"]
[PlyCount "97"]
[EventDate "2021.??.??"]
[EventType "blitz"]

1. e4 e5 2. Nf3 d5 3. exd5 e4 4. Qe2 Nf6 5. Nc3 Be7 6. Nxe4 O-O 7. d3 Re8 8.
Be3 Nxd5 9. O-O-O f5 10. Ned2 f4 11. Bd4 c5 12. Be5 Nc6 13. d4 cxd4 14. Bxd4
Bc5 15. Qc4 Bxd4 16. Nxd4 Ne5 17. Qb3 Kh8 18. N2f3 Ng4 19. Bc4 Nb6 20. Nb5 Qe7
21. Rhe1 Qf8 22. Rxe8 Qxe8 23. Nc7 Qf8 24. Nxa8 Nxa8 25. Be6 Nxf2 26. Re1 Nc7
27. Bxc8 Qxc8 28. Ng5 h6 29. Nf7+ Kh7 30. Re2 Ng4 31. Qd3+ Kg8 32. Nxh6+ Nxh6
33. Qc4+ Kh7 34. Qxf4 Qd7 35. Qe4+ Kg8 36. Qe7 Qxe7 37. Rxe7 Nd5 38. Rxb7 Nf4
39. g3 Ne2+ 40. Kd1 Nd4 41. Rxa7 Nhf5 42. a4 Ne3+ 43. Kd2 Nexc2 44. Rd7 Kf8 45.
a5 Ke8 46. Rd5 Ke7 47. a6 Nb3+ 48. Kxc2 Nc5 49. Rxc5 {Time forfeit} 1-0

[Event "Rated Blitz game"]
[Site "?"]
[Date "2021.10.22"]
[Round "?"]
[White "zumpili"]
[Black "Tintyn"]
[Result "1-0"]
[WhiteElo "2409"]
[BlackElo "2468"]
[PlyCount "81"]
[EventDate "2021.??.??"]
[EventType "blitz"]

1. e4 e5 2. Nf3 d5 3. d4 dxe4 4. Nxe5 Bd6 5. Nc4 Nf6 6. Be2 O-O 7. Bg5 Nc6 8.
Ne3 h6 9. Bh4 Re8 10. c3 Be7 11. Nd2 Nd5 12. Bxe7 Ncxe7 13. Qc2 Nxe3 14. fxe3
Nd5 15. Nf1 Qg5 16. Qd2 Qxg2 17. Ng3 Bh3 18. O-O-O Qf2 19. Bc4 Qxd2+ 20. Kxd2
Rad8 21. Rhg1 Bg4 22. Rdf1 Re7 23. Rf2 Kh7 24. h3 Be6 25. Nh5 g6 26. Bxd5 Rxd5
27. Nf6+ Kg7 28. Nxd5 Bxd5 29. b3 b5 30. h4 Be6 31. a4 Bxb3 32. axb5 Bc4 33.
Ra1 Bxb5 34. Rxa7 f5 35. h5 Kf6 36. hxg6 Kxg6 37. Rb7 Bc6 38. Ra7 Bd5 39. Ra6+
Kg5 40. Rg2+ Kh4 41. Rxh6# {Normal} 1-0

[Event "Rated Blitz tournament 9TYdxnTc"]
[Site "?"]
[Date "2021.10.22"]
[Round "?"]
[White "little-girl_BKD"]
[Black "KillJoy_BKD"]
[Result "0-1"]
[WhiteElo "2374"]
[BlackElo "2418"]
[PlyCount "38"]
[EventDate "2021.??.??"]
[EventType "blitz"]

1. e4 e5 2. Nf3 d5 3. Nxe5 Bd6 4. d4 dxe4 5. Nc4 Be7 6. Ne3 Nf6 7. c4 O-O 8.
Nc3 Nc6 9. Be2 Nxd4 10. O-O Be6 11. Ned5 Nxe2+ 12. Qxe2 Nxd5 13. cxd5 Bxd5 14.
Rd1 c6 15. Nxe4 Re8 16. Nc3 Bf6 17. Qc2 Qe7 18. Be3 Bxc3 19. Qxc3 Qe4 {Normal}
0-1

[Event "Rated Blitz game"]
[Site "?"]
[Date "2021.10.22"]
[Round "?"]
[White "VicenteMar"]
[Black "DanielPerchman"]
[Result "1-0"]
[WhiteElo "2422"]
[BlackElo "2454"]
[PlyCount "101"]
[EventDate "2021.??.??"]
[EventType "blitz"]

1. e4 e5 2. Nf3 d5 3. exd5 e4 4. Nd4 Nf6 5. Bc4 c6 6. O-O cxd5 7. Bb5+ Bd7 8.
Nc3 Bd6 9. Bxd7+ Nbxd7 10. Ncb5 Be5 11. f4 exf3 12. Qxf3 a6 13. Nf5 O-O 14. Nc3
d4 15. Ne4 Nxe4 16. Qxe4 Re8 17. Qf3 Nf6 18. d3 Qc7 19. Bg5 Bxh2+ 20. Kh1 Be5
21. Nxg7 Kxg7 22. Bxf6+ Kf8 23. Rae1 Bxf6 24. Qxf6 Kg8 25. Qg5+ Kh8 26. Qf6+
Kg8 27. Re4 Rxe4 28. dxe4 d3 29. Rf5 dxc2 30. Rg5+ Kf8 31. Qh8+ Ke7 32. Re5+
Kd7 33. Rd5+ Kc6 34. Qc3+ Kb6 35. Qd4+ Kc6 36. Rc5+ Kb6 37. Rxc7+ Kxc7 38. Qc3+
Kd7 39. Qxc2 Rc8 40. Qa4+ b5 41. Qb3 Ke7 42. Qh3 Rc1+ 43. Kh2 Rc6 44. Qh4+ Ke6
45. e5 Kxe5 46. Qxh7 Rf6 47. Qg7 Ke6 48. Kg1 Rh6 49. Qf8 Rh1+ 50. Kxh1 Kf5 51.
Qe8 {Time forfeit} 1-0

[Event "Rated Blitz tournament YJJ7BY3t"]
[Site "?"]
[Date "2021.10.22"]
[Round "?"]
[White "DanOF"]
[Black "Razario90"]
[Result "1-0"]
[WhiteElo "2444"]
[BlackElo "2430"]
[PlyCount "115"]
[EventDate "2021.??.??"]
[EventType "blitz"]

1. e4 e5 2. Nf3 d5 3. Nxe5 Bd6 4. d4 dxe4 5. Nc4 Nf6 6. Nc3 O-O 7. h3 Re8 8.
Be2 Be7 9. Be3 Nc6 10. O-O Be6 11. Nd2 Nxd4 12. Ndxe4 Nxe2+ 13. Qxe2 Nxe4 14.
Nxe4 Qd5 15. Nc3 Qc6 16. Rfd1 Rad8 17. Rxd8 Rxd8 18. Rd1 Rxd1+ 19. Qxd1 h6 20.
Bxa7 b6 21. Qd3 Qb7 22. Nb5 c6 23. Bxb6 Qxb6 24. Nd4 Bxa2 25. b3 Qc5 26. Nf5
Bf8 27. Ne3 Bb1 28. Kf1 Bd6 29. Ke2 Bf4 30. Nc4 Bg5 31. g3 Bf6 32. f4 Qd4 33.
Qxd4 Bxd4 34. Kd3 Bf6 35. Ne3 Be7 36. Nf1 Kf8 37. Nd2 Ba2 38. Kc3 Ba3 39. Nc4
Bc1 40. Ne5 c5 41. Nd7+ Ke7 42. Nxc5 Be3 43. Nd3 g5 44. fxg5 hxg5 45. Kb2 f5
46. Kxa2 f4 47. gxf4 gxf4 48. Kb2 f3 49. Kc3 f2 50. Nxf2 Bxf2 51. Kd3 Kd6 52.
c4 Kc5 53. Kc3 Bd4+ 54. Kd3 Bg7 55. Ke4 Kb4 56. Kd5 Kxb3 57. c5 Bf8 58. c6 {
Time forfeit} 1-0

[Event "Rated Blitz game"]
[Site "?"]
[Date "2021.10.22"]
[Round "?"]
[White "kpdxb"]
[Black "sillierchess"]
[Result "0-1"]
[WhiteElo "2406"]
[BlackElo "2468"]
[PlyCount "82"]
[EventDate "2021.??.??"]
[EventType "blitz"]

1. e4 e5 2. Nf3 d5 3. Nxe5 Bd6 4. d4 dxe4 5. Bf4 Nf6 6. Bc4 O-O 7. O-O Nc6 8.
Nxc6 bxc6 9. Bg3 Rb8 10. Bb3 Bg4 11. Qd2 Nd5 12. c4 Nb4 13. Nc3 Re8 14. Rfe1
Bf5 15. Ba4 Nd3 16. Reb1 Bxg3 17. hxg3 e3 18. fxe3 Qg5 19. Bxc6 Rxe3 20. Nd5
Re1+ 21. Qxe1 Nxe1 22. Rxe1 Be6 23. Nxc7 Bxc4 24. Rac1 Qxg3 25. Nd5 Bxd5 26.
Bxd5 h6 27. Bb3 Rd8 28. d5 Rd6 29. Re8+ Kh7 30. Re7 h5 31. Rf1 f6 32. Re6 Rxe6
33. dxe6 Qe3+ 34. Kh1 h4 35. Rf3 Qe5 36. Kg1 g5 37. Rc3 Kg6 38. Rf3 g4 39. Bc2+
Kg7 40. Ra3 a5 41. Rb3 Qe1+ {Time forfeit} 0-1

[Event "Rated Blitz game"]
[Site "?"]
[Date "2021.10.22"]
[Round "?"]
[White "gaviacula"]
[Black "Pepiton61"]
[Result "1-0"]
[WhiteElo "2384"]
[BlackElo "2409"]
[PlyCount "93"]
[EventDate "2021.??.??"]
[EventType "blitz"]

1. e4 e5 2. Nf3 d5 3. exd5 e4 4. Qe2 Nf6 5. Nc3 Be7 6. Nxe4 O-O 7. d3 Nxd5 8.
Qd1 Re8 9. Be2 f5 10. Nc3 Nxc3 11. bxc3 Bf6 12. Bd2 Qe7 13. Kf1 Nc6 14. a4 Be6
15. a5 a6 16. Ra4 Rad8 17. h4 h6 18. h5 Bf7 19. Bf4 Bxc3 20. Nd2 Nd4 21. Bf3
Nxf3 22. gxf3 Be5 23. Rg1 Bxf4 24. Rxf4 Qe5 25. Rb4 Bxh5 26. Rxb7 Qxa5 27. Nc4
Qc5 28. Qa1 Rd7 29. f4 Bf3 30. Ne5 Qe7 31. Nxf3 Qe2+ 32. Kg2 Re6 33. Qa2 Kh7
34. Rb8 Rg6+ 35. Ng5+ hxg5 36. Rh1+ Rh6 37. Qg8+ Kg6 38. Qe8+ Rf7 39. Qxe2 Rxh1
40. Kxh1 g4 41. Kg2 g3 42. Qe6+ Rf6 43. Qe8+ Kh7 44. fxg3 Rg6 45. Qg8+ Kh6 46.
Rc8 Rf6 47. Rxc7 {Time forfeit} 1-0

[Event "Rated Blitz game"]
[Site "?"]
[Date "2021.10.22"]
[Round "?"]
[White "demanding_bear"]
[Black "VVV-31"]
[Result "1-0"]
[WhiteElo "2424"]
[BlackElo "2327"]
[PlyCount "71"]
[EventDate "2021.??.??"]
[EventType "blitz"]

1. e4 e5 2. Nf3 d5 3. exd5 Bd6 4. c4 Nf6 5. d3 c6 6. Nc3 cxd5 7. cxd5 O-O 8.
Be2 h6 9. O-O Bf5 10. Qb3 Qc8 11. Nd2 Nbd7 12. Nde4 Nc5 13. Nxd6 Nxb3 14. Nxc8
Nxa1 15. Ne7+ Kh7 16. Nxf5 Nc2 17. h3 Nd4 18. Nxd4 exd4 19. Ne4 Nxd5 20. Bd2
Rac8 21. Bd1 b6 22. Bb3 Rfd8 23. Re1 f5 24. Ng3 g6 25. Re5 Nf6 26. Re7+ Kh8 27.
Bxh6 Ng8 28. Bg7+ Kh7 29. Rxa7 Ra8 30. Rxa8 Rxa8 31. Bxd4 Rc8 32. Bxb6 Rc1+ 33.
Kh2 Nf6 34. Bd4 Nd7 35. h4 Kh6 36. Be3+ {Normal} 1-0

[Event "Rated Blitz tournament 9TYdxnTc"]
[Site "?"]
[Date "2021.10.22"]
[Round "?"]
[White "Khalid_bin_Walid"]
[Black "Anakmuda_TCC"]
[Result "1-0"]
[WhiteElo "2479"]
[BlackElo "2489"]
[PlyCount "53"]
[EventDate "2021.??.??"]
[EventType "blitz"]

1. e4 e5 2. Nf3 d5 3. exd5 Qxd5 4. Nc3 Qe6 5. Qe2 Nc6 6. Qc4 Qg6 7. d3 Nf6 8.
Be3 Be6 9. Qb5 O-O-O 10. Nxe5 Nxe5 11. Qxe5 Ng4 12. Qa5 Nxe3 13. fxe3 a6 14.
O-O-O h5 15. d4 Kb8 16. g3 h4 17. Bd3 Qg5 18. Qxg5 Bd6 19. Ne4 hxg3 20. Nxd6
Rxd6 21. hxg3 Rg8 22. Rh7 f6 23. Qh5 Rd5 24. Qg6 Rg5 25. Qxg5 fxg5 26. Rdh1 Ka7
27. Rh8 {Normal} 1-0

[Event "Rated Blitz game"]
[Site "?"]
[Date "2021.10.21"]
[Round "?"]
[White "kiddy87"]
[Black "Junior072001"]
[Result "1-0"]
[WhiteElo "2424"]
[BlackElo "2352"]
[PlyCount "119"]
[EventDate "2021.??.??"]
[EventType "blitz"]

1. e4 e5 2. Nf3 d5 3. Nxe5 dxe4 4. Bc4 Nh6 5. O-O Nd7 6. d4 Nxe5 7. dxe5 Qxd1
8. Rxd1 Nf5 9. Nc3 e3 10. fxe3 Bc5 11. Kf2 O-O 12. g4 Ne7 13. Ne4 Bb6 14. h3
Ng6 15. Kg3 Nxe5 16. Bb3 Be6 17. Bxe6 fxe6 18. Ng5 Rae8 19. b3 h6 20. Bb2 Bxe3
21. Bxe5 Bxg5 22. Bxc7 Rc8 23. Rd7 Rf7 24. Rxf7 Kxf7 25. Rf1+ Kg8 26. Be5 Rxc2
27. Rd1 Rxa2 28. Rd7 Bf6 29. Bxf6 gxf6 30. Rxb7 a5 31. Kh4 Rh2 32. Ra7 Rb2 33.
Kh5 Rxb3 34. Kg6 Kf8 35. Kxf6 Ke8 36. h4 Rb4 37. Kxe6 Kd8 38. Kf5 a4 39. h5 Kc8
40. g5 hxg5 41. Kxg5 Kb8 42. Ra5 Kb7 43. h6 Kb6 44. Ra8 Kb7 45. h7 Kxa8 46.
h8=Q+ Kb7 47. Qh1+ Kb6 48. Qg1+ Ka5 49. Qa7+ Kb5 50. Kf5 Kc4 51. Ke4 Kb3+ 52.
Kd3 a3 53. Qf7+ Kb2 54. Qf6+ Kb3 55. Qe6+ Kb2 56. Qe5+ Kb3 57. Qd5+ Kb2 58. Qc5
Rb3+ 59. Kd2 a2 60. Qc1# {Normal} 1-0

[Event "Rated Blitz game"]
[Site "?"]
[Date "2021.10.21"]
[Round "?"]
[White "bohuprophecy"]
[Black "KamranShirazi"]
[Result "0-1"]
[WhiteElo "2654"]
[BlackElo "2600"]
[PlyCount "42"]
[EventDate "2021.??.??"]
[EventType "blitz"]

1. e4 e5 2. Nf3 d5 3. exd5 e4 4. Ne5 Qxd5 5. d4 exd3 6. Nxd3 Bd6 7. Nc3 Qf5 8.
Be2 Nc6 9. O-O Be6 10. Bf3 Nge7 11. Ne4 O-O-O 12. Nxd6+ Rxd6 13. Bxc6 Nxc6 14.
Bf4 Rxd3 15. Qxd3 Qxf4 16. Rfe1 Rd8 17. Qxh7 Rd2 18. Rf1 Bc4 19. Qh3+ Kb8 20.
Rad1 b6 21. Qc3 Qxf2+ {Normal} 0-1

[Event "Rated Blitz game"]
[Site "?"]
[Date "2021.10.21"]
[Round "?"]
[White "frisky_dingo"]
[Black "Annali-annaliew1979"]
[Result "1-0"]
[WhiteElo "2361"]
[BlackElo "2408"]
[PlyCount "84"]
[EventDate "2021.??.??"]
[EventType "blitz"]

1. e4 e5 2. Nf3 d5 3. d4 dxe4 4. Nxe5 Bd6 5. Bc4 Bxe5 6. Qh5 Qe7 7. Qxe5 Qxe5
8. dxe5 Nc6 9. O-O Nxe5 10. Bd5 Nf6 11. Bb3 h6 12. Bf4 Nc6 13. Bxc7 O-O 14. Nc3
Nd4 15. Be5 Nxb3 16. axb3 Re8 17. Bxf6 gxf6 18. Nd5 Kg7 19. Nc7 Bg4 20. Nxe8+
Rxe8 21. Rxa7 Re7 22. Re1 f5 23. f3 Bh5 24. g4 fxg4 25. Rxe4 Rc7 26. fxg4 Bg6
27. Re2 Bxc2 28. b4 Bd3 29. Rd2 Be4 30. Kf2 Rc4 31. b5 Rb4 32. Ke3 Bh1 33. Rd1
Bg2 34. Rd2 Bh1 35. Ra5 Rxg4 36. Ra1 Bg2 37. Rg1 Bh3 38. Rxg4+ Bxg4 39. Rg2 h5
40. h3 f5 41. hxg4 fxg4 42. Kf4 Kg6 {Normal} 1-0

[Event "Rated Rapid game"]
[Site "?"]
[Date "2021.10.21"]
[Round "?"]
[White "Asonaji"]
[Black "Generalluud"]
[Result "1-0"]
[WhiteElo "2449"]
[BlackElo "2280"]
[PlyCount "61"]
[EventDate "2021.??.??"]
[EventType "rapid"]

1. e4 e5 2. Nf3 d5 3. d4 dxe4 4. Nxe5 Bd6 5. Nc4 Nf6 6. Nc3 Nc6 7. Nxd6+ Qxd6
8. Nb5 Qe7 9. Bc4 a6 10. Nc3 Bg4 11. Be2 Bxe2 12. Nxe2 O-O-O 13. c3 Ne5 14. O-O
Nd3 15. Nf4 Nxf4 16. Bxf4 Nd5 17. Bd2 f5 18. a4 h5 19. c4 Nb4 20. Bxb4 Qxb4 21.
b3 g5 22. d5 f4 23. Qd4 Qe7 24. Qa7 f3 25. Qa8+ Kd7 26. Qxb7 Qd6 27. c5 Qf4 28.
Qc6+ Ke7 29. Rfe1 Qg4 30. Rxe4+ Qxe4 31. d6+ {Normal} 1-0

[Event "Rated Blitz game"]
[Site "?"]
[Date "2021.10.21"]
[Round "?"]
[White "Powerqueretaro"]
[Black "GoughPhar"]
[Result "1-0"]
[WhiteElo "2353"]
[BlackElo "2457"]
[PlyCount "133"]
[EventDate "2021.??.??"]
[EventType "blitz"]

1. e4 e5 2. Nf3 d5 3. d4 dxe4 4. Nxe5 Bd6 5. Bc4 Bxe5 6. dxe5 Qxd1+ 7. Kxd1 Nc6
8. Re1 Bg4+ 9. Be2 O-O-O+ 10. Bd2 Nxe5 11. Kc1 Nf6 12. Nc3 Rhe8 13. Bg5 Bf5 14.
b3 h6 15. Bxf6 gxf6 16. Kb2 Bg6 17. Rad1 f5 18. Nd5 c6 19. Nf4 Rxd1 20. Rxd1
Rd8 21. Rxd8+ Kxd8 22. h4 Ke7 23. h5 Bh7 24. Kc3 c5 25. a4 Kf6 26. g3 Kg5 27.
Bc4 Kg4 28. Be2+ Kg5 29. a5 Ng4 30. f3 Nf6 31. Nh3+ Kxh5 32. fxe4+ Kg6 33. e5
Ne4+ 34. Kc4 Nxg3 35. Bf3 b6 36. a6 Ne4 37. Nf4+ Kg5 38. Bxe4 fxe4 39. Nd5 h5
40. Nxb6 h4 41. Nc8 h3 42. Nxa7 h2 43. Nc6 h1=Q 44. a7 Qf1+ 45. Kxc5 Qa6 46. b4
e3 47. b5 Qa3+ 48. Kb6 Be4 49. Kb7 Bxc6+ 50. bxc6 Qb4+ 51. Kc7 Qa5+ 52. Kb8 e2
53. a8=Q Qxa8+ 54. Kxa8 e1=Q 55. c7 Qa5+ 56. Kb7 Qb5+ 57. Kc8 Qc5 58. Kd8 Qd5+
59. Ke7 Qa8 60. Kd7 Qb7 61. Kd8 Qb5 62. c8=Q Qxe5 63. Qc4 Qf6+ 64. Kd7 Kg6 65.
Ke8 Kg7 66. Qg4+ Kh7 67. Qh4+ {Time forfeit} 1-0

[Event "Rated Rapid game"]
[Site "?"]
[Date "2021.10.21"]
[Round "?"]
[White "bcnv"]
[Black "Generalluud"]
[Result "0-1"]
[WhiteElo "2457"]
[BlackElo "2277"]
[PlyCount "82"]
[EventDate "2021.??.??"]
[EventType "rapid"]

1. e4 e5 2. Nf3 d5 3. exd5 e4 4. Ne5 Qxd5 5. d4 exd3 6. Nxd3 Nf6 7. Nc3 Qf5 8.
g3 Nc6 9. Bg2 Bd6 10. O-O Be6 11. Nf4 O-O-O 12. Bh3 Qe5 13. Re1 Bxh3 14. Rxe5
Bxe5 15. Qf3 Bg4 16. Qg2 Bxc3 17. Be3 Bxb2 18. Rb1 Bc3 19. h3 Bf5 20. g4 Be4
21. Qg3 Be5 22. g5 Nd7 23. Qg4 Bxc2 24. Rc1 Be4 25. f3 Bg6 26. Nd5 h6 27. Rxc6
bxc6 28. Ne7+ Kb7 29. Qa4 Nb6 30. Qxc6+ Kb8 31. Qb5 Rd1+ 32. Kg2 Bd6 33. Nc6+
Kb7 34. Na5+ Kc8 35. gxh6 gxh6 36. Qa6+ Kd7 37. Qxa7 Re8 38. Bxb6 Re2+ 39. Bf2
Rdd2 40. Nc4 Rxf2+ 41. Kh1 Rd1# {Normal} 0-1

[Event "Rated Blitz game"]
[Site "?"]
[Date "2021.10.21"]
[Round "?"]
[White "tinolang"]
[Black "RCompany_1"]
[Result "1-0"]
[WhiteElo "2469"]
[BlackElo "2401"]
[PlyCount "83"]
[EventDate "2021.??.??"]
[EventType "blitz"]

1. e4 e5 2. Nf3 d5 3. exd5 e4 4. Qe2 Nf6 5. Nc3 Be7 6. Nxe4 Nxd5 7. d3 O-O 8.
Qd1 Re8 9. Be2 c5 10. O-O Nc6 11. a3 Bf5 12. Re1 Qc7 13. g3 Rad8 14. Bd2 Bf8
15. Qc1 Bxe4 16. dxe4 Rxe4 17. Bf1 Rxe1 18. Bxe1 Ne5 19. Bg2 c4 20. Nd4 Bc5 21.
Bc3 Nxc3 22. bxc3 Bxd4 23. cxd4 Rxd4 24. Qe3 Rd8 25. Re1 Ng6 26. Qxa7 Rb8 27.
Rb1 h5 28. Rxb7 Rxb7 29. Qxb7 Qc5 30. a4 h4 31. Qb5 Qd4 32. Bd5 Ne5 33. Qe8+
Kh7 34. Qd8 Qd1+ 35. Kg2 h3+ 36. Kxh3 Qf1+ 37. Bg2 Qxf2 38. Qh4+ Kg8 39. Qd8+
Kh7 40. Be4+ g6 41. Qh4+ Kg7 42. Qf4 {Time forfeit} 1-0

[Event "Rated Blitz game"]
[Site "?"]
[Date "2021.10.21"]
[Round "?"]
[White "siddy2006"]
[Black "King_bg03"]
[Result "0-1"]
[WhiteElo "2660"]
[BlackElo "2543"]
[PlyCount "74"]
[EventDate "2021.??.??"]
[EventType "blitz"]

1. e4 e5 2. Nf3 d5 3. Nxe5 Bd6 4. d4 dxe4 5. Nc3 Bxe5 6. dxe5 Qxd1+ 7. Nxd1 Nc6
8. Nc3 Nd4 9. Kd1 Bg4+ 10. Be2 Nxe2 11. Nxe2 O-O-O+ 12. Ke1 Ne7 13. Bg5 Rd7 14.
Ng3 Nc6 15. h3 Be6 16. c3 Nxe5 17. Nxe4 Nd3+ 18. Ke2 Nxb2 19. Nc5 Bc4+ 20. Kf3
Rd5 21. Be3 b6 22. Ne4 Na4 23. Rac1 f5 24. Nd2 Bxa2 25. Bd4 c5 26. Bxg7 Rg8 27.
Bh6 Rd3+ 28. Be3 Bd5+ 29. Kf4 Bxg2 30. Rhe1 Nxc3 31. Ra1 Nd5+ 32. Kxf5 Nxe3+
33. Rxe3 Rxd2 34. Rxa7 Rxf2+ 35. Ke6 Re8+ 36. Re7 Rxe7+ 37. Kxe7 c4 {Normal}
0-1

[Event "Rated Blitz game"]
[Site "?"]
[Date "2021.10.21"]
[Round "?"]
[White "Lemuel23"]
[Black "KamranShirazi"]
[Result "0-1"]
[WhiteElo "2572"]
[BlackElo "2602"]
[PlyCount "70"]
[EventDate "2021.??.??"]
[EventType "blitz"]

1. e4 e5 2. Nf3 d5 3. d4 dxe4 4. Nxe5 Nd7 5. Nxd7 Bxd7 6. Bc4 Bd6 7. Qh5 Qe7 8.
Nc3 Nf6 9. Qe2 O-O-O 10. Bg5 Rhe8 11. Nd5 Qf8 12. Nxf6 gxf6 13. Bxf6 Be7 14.
Bxe7 Rxe7 15. O-O-O Qg7 16. g3 Bg4 17. Qe3 Bxd1 18. Rxd1 Kb8 19. c3 Qg4 20. Re1
f5 21. Be2 Qg6 22. Qf4 a6 23. h4 h6 24. Bf1 Rd5 25. Bh3 Ka7 26. b3 c5 27. dxc5
Qf6 28. Kb2 Rd3 29. Rc1 Rf3 30. Qd2 e3 31. fxe3 Rxg3 32. Bg2 Rexe3 33. Qd5 Re2+
34. Ka3 Rgxg2 35. c6 Rxa2+ {Normal} 0-1

[Event "Rated Blitz game"]
[Site "?"]
[Date "2021.10.21"]
[Round "?"]
[White "earth12345"]
[Black "King_bg03"]
[Result "0-1"]
[WhiteElo "2493"]
[BlackElo "2536"]
[PlyCount "74"]
[EventDate "2021.??.??"]
[EventType "blitz"]

1. e4 e5 2. Nf3 d5 3. exd5 e4 4. Nd4 Qxd5 5. Nb3 Nf6 6. Nc3 Qd8 7. Be2 Bd6 8.
d4 O-O 9. O-O Nc6 10. Bg5 h6 11. Bh4 Bf5 12. Nd5 g5 13. Nxf6+ Qxf6 14. Bg3 Rad8
15. c3 Bg6 16. Qd2 Bf4 17. Qd1 Rfe8 18. Bh5 b6 19. Nc1 Ne5 20. Bxg6 Nxg6 21.
Ne2 h5 22. Qc2 h4 23. Bxf4 gxf4 24. f3 e3 25. Rad1 h3 26. g3 Qg5 27. Kh1 Kf8
28. Rg1 Qf6 29. Rdf1 Ke7 30. gxf4 Kd7 31. Qa4+ Qc6 32. Qxc6+ Kxc6 33. Rg3 Rh8
34. f5 Ne7 35. Rg5 f6 36. Rg7 Nxf5 37. Rf7 Rd6 {Time forfeit} 0-1

[Event "Rated Blitz game"]
[Site "?"]
[Date "2021.10.21"]
[Round "?"]
[White "Leonx85"]
[Black "Rikoboy"]
[Result "0-1"]
[WhiteElo "2491"]
[BlackElo "2396"]
[PlyCount "50"]
[EventDate "2021.??.??"]
[EventType "blitz"]

1. e4 e5 2. Nf3 d5 3. exd5 e4 4. Nd4 Qxd5 5. Nb3 Nf6 6. Nc3 Qe5 7. d3 exd3+ 8.
Be3 dxc2 9. Qxc2 Nc6 10. O-O-O Bf5 11. Qe2 a6 12. h3 Ba3 13. Bd4 Qxe2 14. Bxe2
Be7 15. g4 Be6 16. Rhe1 O-O 17. Nc5 Nxd4 18. Nxe6 Nxe6 19. Bc4 Bb4 20. Bxe6
fxe6 21. Rxe6 Bxc3 22. bxc3 Rae8 23. Rxe8 Rxe8 24. Rd2 Re7 25. Re2 Rxe2 {Normal
} 0-1

[Event "Rated Blitz game"]
[Site "?"]
[Date "2021.10.21"]
[Round "?"]
[White "M_Hooshmand"]
[Black "Annali-annaliew1979"]
[Result "0-1"]
[WhiteElo "2239"]
[BlackElo "2405"]
[PlyCount "164"]
[EventDate "2021.??.??"]
[EventType "blitz"]

1. e4 e5 2. Nf3 d5 3. d4 dxe4 4. Nxe5 Bd6 5. Nc4 Nf6 6. Bg5 O-O 7. Be2 Bf5 8.
O-O Nc6 9. Ne3 Bg6 10. d5 Ne5 11. Nc3 a6 12. b3 b5 13. a3 Qd7 14. Qd4 Rfe8 15.
Rad1 Bxa3 16. Bxf6 gxf6 17. Nxe4 Bxe4 18. Qxe4 Ng6 19. Qf3 Kg7 20. Nf5+ Kh8 21.
Nh6 Bf8 22. Qxf6+ Bg7 23. Qg5 Rxe2 24. Ng4 Qe7 25. Qf5 Re8 26. c4 Re4 27. h3
bxc4 28. bxc4 Rxc4 29. Ne3 Rf4 30. Qc2 Qd7 31. Qc5 Bd4 32. Rxd4 Rxd4 33. Qxd4+
Kg8 34. Ra1 Qd6 35. Qa7 Qb6 36. Rxa6 Qxa7 37. Rxa7 Rc8 38. Nc4 Nf4 39. d6 cxd6
40. Nxd6 Rc1+ 41. Kh2 Rc2 42. Kg3 Nh5+ 43. Kf3 f5 44. Nxf5 Rc3+ 45. Ne3 Nf6 46.
Ra8+ Kg7 47. Ra4 h5 48. h4 Ng4 49. Rxg4+ hxg4+ 50. Kxg4 Kh6 51. g3 Ra3 52. Nf5+
Kg6 53. f4 Ra5 54. Ne7+ Kh6 55. Nc6 Ra3 56. Ne5 Rb3 57. Kf5 Rxg3 58. Nf7+ Kh5
59. Ng5 Kxh4 60. Ne4 Ra3 61. Ke5 Ra5+ 62. Kf6 Kg4 63. Nd6 Kxf4 64. Nf7 Ra6+ 65.
Ke7 Kf5 66. Nd6+ Kg6 67. Kd7 Ra7+ 68. Kc6 Rh7 69. Nc4 Rh1 70. Kb5 Kh7 71. Kc5
Kg8 72. Kd4 Rh5 73. Ke3 Rh4 74. Ne5 Rb4 75. Ng6 Ra4 76. Nf4 Kh7 77. Nd5 Ra3+
78. Nc3 Rxc3+ 79. Kd4 Ra3 80. Kd5 Ra4 81. Kc6 Ra6+ 82. Kb5 Re6 {Time forfeit}
0-1